Nigeria Players Biggest Transfers - Statistics

General Stats
  • This quiz has been taken 48 times
  • The average score is 64 of 250
Answer Stats
Player From Joined % Correct
ST Victor Osimhen 20/21 Lille Napoli
98%
ST Victor Osimhen 19/20 Charleroi Lille
98%
ST Victor Osimhen 19/20 Wolfsburg Charleroi
98%
ST Victor Osimhen 16/17 Ultimate Strikers Academy Wolfsburg
98%
ST Kelechi Iheanacho 17/18 Manchester City Leicester City
86%
ST Kelechi Iheanacho 13/14 Taye Academy Manchester City
86%
AM Alex Iwobi 19/20 Arsenal Everton
83%
AM Alex Iwobi 23/24 Everton Fulham
83%
RM Victor Moses 12/13 Wigan Athletic Chelsea
74%
RM Victor Moses 21/22 Chelsea Spartak Moscow
74%
RM Victor Moses 09/10 Crystal Palace Wigan Athletic
74%
RM Victor Moses 13/14 Chelsea Liverpool
74%
ST Odion Ighalo 16/17 Watford Changchun Yatai
71%
ST Odion Ighalo 19/20 Shanghai Shenhua Manchester United
71%
ST Odion Ighalo 14/15 Udinese Watford
71%
ST Odion Ighalo 18/19 Changchun Yatai Shanghai Shenhua
71%
ST Odion Ighalo 21/22 Al-Shabab Al-Hilal
71%
ST Odion Ighalo 20/21 Shanghai Shenhua Al-Shabab
71%
ST Odion Ighalo 08/09 Lyn Udinese
71%
ST Victor Boniface 23/24 Union Saint-Gilloise Bayer Leverkusen
71%
ST Victor Boniface 22/23 Bodo/Glimt Union Saint-Gilloise
71%
DM John Obi Mikel 06/07 Lyn Chelsea
69%
SS Ademola Lookman 19/20 Everton RB Leipzig
67%
SS Ademola Lookman 22/23 RB Leipzig Atalanta
67%
SS Ademola Lookman 16/17 Charlton Athletic Everton
67%
SS Ademola Lookman 20/21 RB Leipzig Fulham
67%
AM Jay-Jay Okocha 98/99 Fenerbahce Paris Saint-Germain
67%
AM Jay-Jay Okocha 96/97 Eintracht Frankfurt Fenerbahce
67%
LW Ahmed Musa 16/17 CSKA Moscow Leicester City
62%
LW Ahmed Musa 18/19 Leicester City Al-Nassr
62%
LW Ahmed Musa 11/12 VVV-Venlo CSKA Moscow
62%
ST Obafemi Martins 06/07 Inter Milan Newcastle United
62%
ST Obafemi Martins 09/10 Newcastle United Wolfsburg
62%
ST Obafemi Martins 10/11 Wolfsburg Rubin Kazan
62%
ST Obafemi Martins 12/13 Levante Seattle Sounders
62%
ST Obafemi Martins 15/16 Seattle Sounders Shanghai Shenhua
62%
RW Samuel Chukwueze 23/24 Villarreal Milan
62%
ST Taiwo Awoniyi 22/23 Union Berlin Nottingham Forest
62%
ST Taiwo Awoniyi 21/22 Liverpool Union Berlin
62%
ST Taiwo Awoniyi 15/16 Imperial Academy Liverpool
62%
ST Daniel Chima Chukwu 14/15 Molde Shanghai Shenxin
60%
DM Wilfred Ndidi 16/17 Genk Leicester City
60%
ST Nwankwo Kanu 98/99 Inter Milan Arsenal
55%
ST Nwankwo Kanu 96/97 Ajax Inter Milan
55%
RB Ola Aina 19/20 Chelsea Torino
48%
RB Ola Aina 20/21 Torino Fulham
48%
CB Calvin Bassey 22/23 Rangers Ajax
45%
CB Calvin Bassey 23/24 Ajax Fulham
45%
ST Fortune Bassey 21/22 Ceske Budejovice Ferencvaros
43%
LW Emmanuel Dennis 22/23 Watford Nottingham Forest
40%
LW Emmanuel Dennis 21/22 Club Brugge Watford
40%
LW Emmanuel Dennis 17/18 Zorya Luhansk Club Brugge
40%
LW Emmanuel Dennis 20/21 Club Brugge Koln
40%
ST Yakubu Aiyegbeni 07/08 Middlesbrough Everton
40%
ST Yakubu Aiyegbeni 05/06 Portsmouth Middlesbrough
40%
ST Yakubu Aiyegbeni 03/04 Maccabi Haifa Portsmouth
40%
ST Yakubu Aiyegbeni 11/12 Everton Blackburn Rovers
40%
ST Yakubu Aiyegbeni 12/13 Blackburn Rovers Guangzhou R&F
40%
ST Yakubu Aiyegbeni 10/11 Everton Leicester City
40%
CM Frank Onyeka 21/22 Midtjylland Brentford
38%
ST Umar Sadiq 22/23 Almeria Real Sociedad
38%
ST Umar Sadiq 20/21 Partizan Belgrade Almeria
38%
ST Umar Sadiq 16/17 Spezia Roma
38%
ST Umar Sadiq 19/20 Roma Partizan Belgrade
38%
CB William Troost-Ekong 18/19 Bursaspor Udinese
36%
CB William Troost-Ekong 17/18 Gent Bursaspor
36%
CB William Troost-Ekong 23/24 Watford PAOK
36%
ST Paul Onuachu 22/23 Genk Southampton
33%
ST Paul Onuachu 19/20 Midtjylland Genk
33%
ST Paul Onuachu 23/24 Southampton Trabzonspor
33%
ST Emmanuel Emenike 13/14 Spartak Moscow Fenerbahce
31%
ST Emmanuel Emenike 11/12 Fenerbahce Spartak Moscow
31%
ST Emmanuel Emenike 11/12 Karabukspor Fenerbahce
31%
ST Emmanuel Emenike 15/16 Fenerbahce Al-Ain
31%
ST Emmanuel Emenike 17/18 Fenerbahce Olympiacos
31%
RW Peter Odemwingie 07/08 Lille Lokomotiv Moscow
31%
RW Peter Odemwingie 10/11 Lokomotiv Moscow West Bromwich Albion
31%
RW Peter Odemwingie 13/14 West Bromwich Albion Cardiff City
31%
CM Joel Obi 15/16 Inter Milan Torino
29%
CM Joel Obi 18/19 Torino Chievo Verona
29%
LW Moses Simon 20/21 Levante Nantes
29%
LW Moses Simon 18/19 Gent Levante
29%
ST Terem Moffi 23/24 Lorient Nice
29%
ST Terem Moffi 20/21 Kortrijk Lorient
29%
ST Terem Moffi 22/23 Lorient Nice
29%
RW Finidi George 96/97 Ajax Real Betis
26%
RW Finidi George 00/01 Real Betis Mallorca
26%
RW Finidi George 01/02 Mallorca Ipswich Town
26%
ST Gift Orban 22/23 Stabaek Gent
26%
ST Isaac Success 16/17 Granada Watford
26%
ST Isaac Success 21/22 Watford Udinese
26%
AM Joe Aribo 22/23 Rangers Southampton
26%
LB Taribo West 97/98 Auxerre Inter Milan
26%
LB Taribo West 99/00 Inter Milan Milan
26%
ST Brown Ideye 14/15 Dynamo Kyiv West Bromwich Albion
24%
ST Brown Ideye 16/17 Olympiacos Tianjin Teda
24%
ST Brown Ideye 11/12 Sochaux Dynamo Kyiv
24%
ST Brown Ideye 15/16 West Bromwich Albion Olympiacos
24%
ST Brown Ideye 09/10 Neuchatel Xamax Sochaux
24%
LB Celestine Babayaro 97/98 Anderlecht Chelsea
21%
ST Cyriel Dessers 22/23 Genk Cremonese
21%
ST Cyriel Dessers 23/24 Cremonese Rangers
21%
ST Cyriel Dessers 20/21 Heracles Almelo Genk
21%
LB Zaidu Sanusi 20/21 Santa Clara Porto
21%
LW Henry Onyekuru 19/20 Everton Monaco
19%
LW Henry Onyekuru 17/18 Eupen Everton
19%
LW Henry Onyekuru 21/22 Monaco Olympiacos
19%
LW Henry Onyekuru 23/24 Olympiacos Adana Demirspor
19%
LW Henry Onyekuru 23/24 Adana Demirspor Al-Fayha
19%
ST Ikechukwu Uche 09/10 Getafe Real Zaragoza
19%
ST Ikechukwu Uche 11/12 Real Zaragoza Villarreal
19%
ST Ikechukwu Uche 15/16 Villarreal Tigres UANL
19%
CB Joseph Yobo 03/04 Marseille Everton
19%
CB Joseph Yobo 12/13 Everton Fenerbahce
19%
CB Joseph Yobo 02/03 Marseille Everton
19%
ST Kalu Uche 13/14 Kasimpasa El-Jaish
19%
ST Kalu Uche 12/13 Espanyol Kasimpasa
19%
DM Sunday Oliseh 99/00 Ajax Juventus
19%
DM Sunday Oliseh 00/01 Juventus Borussia Dortmund
19%
DM Sunday Oliseh 97/98 Koln Ajax
19%
DM Sunday Oliseh 95/96 Reggiana Koln
19%
DM Dickson Etuhu 07/08 Norwich City Sunderland
17%
DM Dickson Etuhu 12/13 Fulham Blackburn Rovers
17%
DM Dickson Etuhu 08/09 Sunderland Fulham
17%
LW John Utaka 07/08 Rennes Portsmouth
17%
LW John Utaka 05/06 Lens Rennes
17%
ST Josh Maja 18/19 Sunderland Bordeaux
17%
LW Junior Ajayi 16/17 Sfaxien El Ahly
17%
CM Peter Etebo 18/19 Feirense Stoke City
17%
ST Peter Utaka 13/14 Dalian Aerbin Beijing Guoan
17%
CB Semi Ajayi 19/20 Rotherham United West Bromwich Albion
17%
ST Solomon Okoronkwo 08/09 Hertha Berlin Saturn Ramenskoe
17%
SS Victor Obinna 08/09 Chievo Verona Inter Milan
17%
ST Daniel Amokachi 94/95 Club Brugge Everton
14%
ST Daniel Amokachi 96/97 Everton Besiktas
14%
CB Danny Shittu 08/09 Watford Bolton Wanderers
14%
CB Danny Shittu 06/07 Queens Park Rangers Watford
14%
ST David Okereke 19/20 Spezia Club Brugge
14%
LW Emmanuel Amunike 96/97 Sporting CP Barcelona
14%
LW Emmanuel Amunike 94/95 Duisburg Sporting CP
14%
CB Kenneth Omeruo 19/20 Chelsea Leganes
14%
DM Raphael Onyedika 22/23 Midtjylland Club Brugge
14%
ST Simy Nwankwo 21/22 Crotone Salernitana
14%
ST Victor Anichebe 13/14 Everton West Bromwich Albion
14%
ST Victor Ikpeba 99/00 Monaco Borussia Dortmund
14%
ST Anthony Ujah 16/17 Werder Bremen Liaoning
12%
ST Anthony Ujah 15/16 Koln Werder Bremen
12%
ST Anthony Ujah 17/18 Liaoning Mainz
12%
ST Anthony Ujah 13/14 Mainz Koln
12%
ST Anthony Ujah 11/12 Lillestrom Mainz
12%
ST Anthony Ujah 19/20 Mainz Union Berlin
12%
CB Chidozie Awaziem 21/22 Porto Boavista
12%
ST Chinedu Obasi 07/08 Lyn Hoffenheim
12%
ST Chinedu Obasi 12/13 Hoffenheim Schalke
12%
CB Igoh Ogbu 22/23 Lillestrom Slavia Prague
12%
CB Jordan Torunarigha 22/23 Hertha Berlin Gent
12%
GK Maduka Okoye 21/22 Sparta Rotterdam Watford
12%
DM Ogenyi Onazi 16/17 Lazio Trabzonspor
12%
ST Peter Olayinka 18/19 Gent Slavia Prague
12%
ST Peter Olayinka 15/16 Skenderbeu Korce Gent
12%
ST Rasheed Yekini 94/95 Vitoria Setubal Olympiacos
12%
RW Sone Aluko 17/18 Fulham Reading
12%
ST Ade Akinbiyi 99/00 Bristol City Wolverhampton Wanderers
10%
ST Ade Akinbiyi 05/06 Burnley Sheffield United
10%
ST Ade Akinbiyi 98/99 Gillingham Bristol City
10%
ST Ade Akinbiyi 06/07 Sheffield United Burnley
10%
ST Akor Adams 23/24 Lillestrom Montpellier
10%
ST Efan Ekoku 99/00 Wimbledon Grasshoppers
10%
LB Elderson Echiejile 13/14 Braga Monaco
10%
RW Samuel Kalu 18/19 Gent Bordeaux
10%
RW Samuel Kalu 21/22 Bordeaux Watford
10%
CM Seyi Olofinjana 08/09 Wolverhampton Wanderers Stoke City
10%
CM Seyi Olofinjana 09/10 Stoke City Hull City
10%
CM Seyi Olofinjana 04/05 Brann Wolverhampton Wanderers
10%
ST Abdul Sule 00/01 Herning Fremad Akademisk
7%
LW Chidera Ejuke 20/21 Heerenveen CSKA Moscow
7%
LW Chidera Ejuke 19/20 Valerenga Heerenveen
7%
LB Ifeanyi Emeghara 07/08 Politehnica Timisoara Steaua Bucharest
7%
ST Jonathan Akpoborie 97/98 Hansa Rostock Stuttgart
7%
ST Jonathan Akpoborie 99/00 Stuttgart Wolfsburg
7%
CM Kelechi Nwakali 16/17 Diamond Academy Arsenal
7%
CB Rabiu Afolabi 05/06 Austria Vienna Sochaux
7%
ST Stephen Makinwa 05/06 Atalanta Palermo
7%
ST Stephen Makinwa 06/07 Palermo Lazio
7%
ST Stephen Makinwa 04/05 Genoa Atalanta
7%
LW Anthony Nwakaeme 18/19 Hapoel Beer Sheva Trabzonspor
5%
RB Chidi Odiah 03/04 Sheriff Tiraspol CSKA Moscow
5%
CM Christian Obodo 04/05 Perugia Fiorentina
5%
ST Chukwubuikem Ikwuemesi 23/24 Celje Salernitana
5%
ST Dele Adebola 97/98 Crewe Alexandra Birmingham City
5%
ST Fred Friday 16/17 Lillestrom AZ Alkmaar
5%
ST Imoh Ezekiel 14/15 Standard Liege Al-Arabi
5%
ST Joseph Akpala 08/09 Charleroi Club Brugge
5%
ST Joseph Akpala 12/13 Club Brugge Werder Bremen
5%
ST Kim Ojo 12/13 Brann Genk
5%
CM Lukman Haruna 11/12 Monaco Dynamo Kyiv
5%
ST Manasseh Ishiaku 08/09 Duisburg Koln
5%
AM Michel Babatunde 16/17 Raja Casablanca Qatar SC
5%
ST Muhamed Tijani 23/24 Banik Ostrava Slavia Prague
5%
ST Olarenwaju Kayode 17/18 Austria Vienna Manchester City
5%
ST Olarenwaju Kayode 18/19 Manchester City Shakhtar Donetsk
5%
DM Pascal Ojigwe 00/01 Koln Bayer Leverkusen
5%
DM Stephen Sunday 07/08 Poli Ejido Valencia
5%
ST Sylvester Igboun 20/21 Ufa Dynamo Moscow
5%
ST Sylvester Igboun 19/20 Ufa Dynamo Moscow
5%
ST Tolu Arokodare 22/23 Amiens Genk
5%
ST Tolu Arokodare 22/23 Valmiera Amiens
5%
DM Uche Agbo 17/18 Watford Standard Liege
5%
ST Victor Agali 01/02 Hansa Rostock Schalke
5%
RW Yira Sor 22/23 Slavia Prague Genk
5%
RW Yira Sor 21/22 Banik Ostrava Slavia Prague
5%
ST Aaron Olanare 14/15 Sarpsborg Guangzhou R&F
2%
RB Abdullahi Nura 16/17 Spezia Roma
2%
RW Akinkunmi Amoo 21/22 Hammarby Kobenhavn
2%
LW Aminu Umar 19/20 Osmanlispor Caykur Rizespor
2%
DM Anderson Esiti 19/20 Gent PAOK
2%
DM Anderson Esiti 16/17 Estoril Praia Gent
2%
ST Anthony Okpotu 20/21 Monastir Qatar SC
2%
ST Blessing Eleke 20/21 Luzern Beerschot
2%
ST Bright Edomwonyi 16/17 Sturm Graz Caykur Rizespor
2%
ST Ezekiel Henty 15/16 Olimpija Ljubljana Lokomotiv Moscow
2%
DM Femi Ajilore 08/09 Midtjylland Groningen
2%
RW Hilary Gong 18/19 Trencin Vitesse
2%
ST Ibrahim Aliyu 22/23 Lokomotiva Zagreb Houston Dynamo
2%
ST Ifeanyi Onyilo 15/16 Crvena Zvezda Al-Faisaly
2%
CM Ishaq Abdulrazak 22/23 Norrkoping Anderlecht
2%
LW Iyayo Atiemwen 18/19 HNK Gorica Dinamo Zagreb
2%
ST Jordan Kadiri 20/21 Ostersunds Lommel
2%
CB Joseph Enakarhire 05/06 Sporting CP Dynamo Moscow
2%
ST Kehinde Fatai 16/17 Sparta Prague Ufa
2%
ST Leke James 15/16 Aalesunds Beijing Enterprises
2%
CM Nosa Igiebor 12/13 Hapoel Tel Aviv Real Betis
2%
DM Obinna Nwobodo 21/22 Goztepe Cincinnati
2%
DM Okechukwu Azubuike 18/19 Yeni Malatyaspor Pyramids
2%
DM Okechukwu Azubuike 20/21 Pyramids Istanbul Basaksehir
2%
LW Olakunle Olusegun 22/23 Botev Plovdiv Krasnodar
2%
CB Onyekachi Apam 10/11 Nice Rennes
2%
ST Osarimen Ebagua 11/12 Varese Torino
2%
CB Patrick Ovie 05/06 Krylya Sovetov Dynamo Moscow
2%
LW Paul Mukairu 21/22 Antalyaspor Kobenhavn
2%
DM Richard Eromoigbe 07/08 Levski Sofia Khimki
2%
ST Samson Olaleye 11/12 Atletico Madrid Hanoi
2%
LW Samuel Adegbenro 21/22 Norrkoping Beijing Guoan
2%
LW Samuel Adegbenro 17/18 Viking Rosenborg
2%
LW Saviour Godwin 23/24 Casa Pia Al-Okhdood
2%
ST Stanley Ohawuchi 17/18 Wadi Degla Al-Qadsiah
2%
ST Stephen Odey 19/20 Zurich Genk
2%
RW Tosin Dosunmu 06/07 Austria Vienna Nancy
2%
RW Tosin Dosunmu 04/05 Westerlo Austria Vienna
2%
CB Uche Okechukwu 93/94 Brondby Fenerbahce
2%
No matching quizzes found
Score Distribution
Percent of People with Each Score
Percentile by Number Answered
Your Score History
You have not taken this quiz